000 00511nam a2200145Ia 4500
008 140724s9999 xx 000 0 und d
050 _aQA 76.9.S88
_b.C346 2010
100 _aCastañeda, Pamela Jean O.
245 _aComputerized grading system of South Mansfield College /
_cPamela Jean O. Castañeda.
260 _aLas Piñas, Philippines :
_bSouthville International School and Colleges,
_cc2010.
300 _a40 p. :
_bill. ;
_c28 cm.
521 _aInformation Technology
942 _cTH
999 _c229219
_d229219